00862nam a2200217 i 4500003000900000005001700009007000300026008004100029040003000070082000700100110006300107245014800170264008400318300003200402336002700434337003300461338002800494490002300522500004200545700005700587DO-SdBNP20250221073756.0ta240410s2015 dr d 000 0 spa d aDO-SdBNPbspacBNPHUerda 2221 aRepública Dominicana.bOficina Nacional de Estadística10a¿Qué es la metodología de marco lógico y para qué sirve? :bguía para su aplicación /cpresentación Juan Temístocles Montás. aSanto Domingo :bMinisterio de Economía, Planificación y Desarrollo,c2015. a30 p. :bgráficosc22 cm. 2rdacontentatextobtxt 2rdamediaasin mediaciónbn 2rdacarrieravolumenbnc1 aPlanificaciónv6 aIncluye notas al pie de las páginas1 aMontás, Juan Temístocles d1950-epresentación